|
|
|
|
| LEADER |
00000cam a2200000M 4500 |
| 001 |
JSTOR_on1229972761 |
| 003 |
OCoLC |
| 005 |
20231005004200.0 |
| 006 |
m o d |
| 007 |
cr cnu---unuuu |
| 008 |
210110s2020 xx o 000 0 spa d |
| 040 |
|
|
|a YDX
|b eng
|c YDX
|d JSTOR
|d OCLCO
|d OCLCF
|d N$T
|d LUN
|d OCLCO
|d K6U
|d DGITA
|d OCLCQ
|
| 020 |
|
|
|a 8413772362
|q (electronic bk.)
|
| 020 |
|
|
|a 9788413772363
|q (electronic bk.)
|
| 035 |
|
|
|a (OCoLC)1229972761
|
| 050 |
|
4 |
|a KJE6536
|
| 080 |
|
|
|a 347.77
|
| 082 |
0 |
4 |
|a 343.4072
|2 23
|
| 049 |
|
|
|a UAMI
|
| 100 |
1 |
|
|a CAZORLA GONZALEZ, MARIA JOSE.
|
| 245 |
1 |
0 |
|a Armonizacion europea de las practicas comerciales desleales
|h [electronic resource] :
|b nuevas medidas para equilibrar la negociacion en la cadena alimentaria.
|
| 260 |
|
|
|a [S.l.] :
|b DYKINSON,
|c 2020.
|
| 300 |
|
|
|a 1 online resource
|
| 588 |
0 |
|
|a Print version record.
|
| 590 |
|
|
|a JSTOR
|b Books at JSTOR Demand Driven Acquisitions (DDA)
|
| 590 |
|
|
|a JSTOR
|b Books at JSTOR All Purchased
|
| 650 |
|
0 |
|a Competition, Unfair
|z European Union countries.
|
| 650 |
|
0 |
|a Agricultural industries
|z European Union countries.
|
| 650 |
|
6 |
|a Industries agricoles
|z Pays de l'Union européenne.
|
| 650 |
|
7 |
|a Agricultural industries.
|2 fast
|0 (OCoLC)fst00800842
|
| 650 |
|
7 |
|a Competition, Unfair.
|2 fast
|0 (OCoLC)fst00871522
|
| 651 |
|
7 |
|a European Union countries.
|2 fast
|0 (OCoLC)fst01269470
|
| 856 |
4 |
0 |
|u https://jstor.uam.elogim.com/stable/10.2307/j.ctv1dp0w9m
|z Texto completo
|
| 938 |
|
|
|a Digitalia Publishing
|b DGIT
|n DIGDYK1895
|
| 938 |
|
|
|a YBP Library Services
|b YANK
|n 301864145
|
| 938 |
|
|
|a EBSCOhost
|b EBSC
|n 2722911
|
| 994 |
|
|
|a 92
|b IZTAP
|